000 00643nam a2200205Ia 4500
001 14658
003 GE_BSU
008 181216s||||||||xx |||||||||||||| ||und||
040 _cGE_BSU
080 _a821.353.1-1
100 _aნონეშვილი,იოსებ
245 _aდედაო საქართველო
245 _cრედ. ტ.ჭანტურია. მხატვ. თ.სამსონაძე
260 _aთბილისი
260 _bნაკადული
260 _c1967
300 _a158გვ.20სმ.
653 _aდედაო საქართველო
942 _cBK
999 _c47784
_d47784